000
00243nam a2200097Ia 4500
001
794599
005
20250826170711.0
008
250824s9999 xx 000 0 und d
245
0
_a
YAŞLI ADAM VE DENİZ
_c
HAMINGWAY
260
_b
AKVARYUM YAYINLARI
999
_c
794599
_d
794599